Music Quiz

Random Music or Lyrics Quiz

Things Katy Perry Did Last Friday Night Quiz Stats

 Plays Quiz Updated Oct 8, 2014

Challenge
Share
Tweet
Embed
Score 0/10 Timer 02:00
2 Plays Today
Thing That Katy Perry Did % Correct
Kissed
75%
Danced on tabletops
74%
Took too many shots
68.7%
Skinny dipping in the dark
64.3%
Got kicked out of the bar
50.6%
Went streaking in the park
47.4%
Hit the boulevard
40.4%
Broke the law
39.9%
Had a ménage à trois
39.3%
Maxed our credit cards
38.1%

You're not logged in!

Compare scores with friends on all Sporcle quizzes.
Join for Free
OR
Log In

You Might Also Like...

Show Comments

Extras

Top Quizzes Today


Score Distribution

Your Account Isn't Verified!

In order to create a playlist on Sporcle, you need to verify the email address you used during registration. Go to your Sporcle Settings to finish the process.

Report this User

Report this user for behavior that violates our Community Guidelines.

Details: